000 00370nam a2200133Ia 4500
999 _c14717
_d14717
082 _aRR 361.1 HAN;
245 0 _aHandbook on the study of social problems
260 _aChicago
_bRand McNally
_c1971
300 _axvii, 734p.
440 _aRand McNally sociology series
650 _aSocial problems - Handbooks, manuals, etc
700 _aSmigel, Erwin O.
942 _cBK